مكتبة جامعة عجلون الوطنية

فهرس بحث المكتبة

التعديل على سعر الفائدة واثره على حقوق اطراف الرابطة التعاقدية : (عقد القرض انموذجاً) = The Amendment to the Inetrest Rate and its Impact on of the Parties to the Contractual Association the Rights : (Loan Contract Template) / (Record no. 33589)

MARC details
000 -LEADER
fixed length control field 01122nam a22002057a 4500
003 - CONTROL NUMBER IDENTIFIER
control field JO-AjAnu
005 - DATE AND TIME OF LATEST TRANSACTION
control field 20240708130433.0
008 - FIXED-LENGTH DATA ELEMENTS--GENERAL INFORMATION
fixed length control field 240708b jo ||||| |||| 00| 0 ara d
040 ## - CATALOGING SOURCE
Original cataloging agency JO-AjAnu
Language of cataloging ara
Transcribing agency JO-AjAnu
Description conventions rda
041 ## - LANGUAGE CODE
Language code of text/sound track or separate title ara
Language code of original ara
050 ## - LIBRARY OF CONGRESS CALL NUMBER
Classification number K1072
Item number 2024
100 #1 - MAIN ENTRY--PERSONAL NAME
Personal name المومني، معاذ حسن
Relator term معد
9 (RLIN) 66077
245 #0 - TITLE STATEMENT
Title التعديل على سعر الفائدة واثره على حقوق اطراف الرابطة التعاقدية : (عقد القرض انموذجاً) = The Amendment to the Inetrest Rate and its Impact on of the Parties to the Contractual Association the Rights : (Loan Contract Template) /
Statement of responsibility, etc. اعداد معاذ حسن المومني ؛ اشراف طلال ياسين العيسى
260 ## - PUBLICATION, DISTRIBUTION, ETC.
Date of publication, distribution, etc. 2024
300 ## - PHYSICAL DESCRIPTION
Extent 102 ورقة
500 ## - GENERAL NOTE
General note رسالة جامعية( رسالة ماجستير في القانون) جامعة عجلون الوطنية (عجلون، الاردن)، كلية الحقوق،2024.
650 70 - SUBJECT ADDED ENTRY--TOPICAL TERM
Topical term or geographic name entry element القروض- قوانين وتشريعات
9 (RLIN) 66079
700 #1 - ADDED ENTRY--PERSONAL NAME
Personal name العيسى، طلال ياسين
9 (RLIN) 64930
Relator term مشرف
942 ## - ADDED ENTRY ELEMENTS (KOHA)
Source of classification or shelving scheme Library of Congress Classification
Koha item type Thesis
Suppress in OPAC No
Holdings
Withdrawn status Lost status Source of classification or shelving scheme Damaged status Not for loan Home library Current library Date acquired Total Checkouts Full call number Barcode Date last seen Price effective from Koha item type
    Library of Congress Classification     مكتبة جامعة عجلون الوطنية مكتبة جامعة عجلون الوطنية 08/07/2024   K1072 2024 a29920 08/07/2024 08/07/2024 Thesis
    Library of Congress Classification     مكتبة جامعة عجلون الوطنية مكتبة جامعة عجلون الوطنية 08/07/2024   K1072 2024 a29921 08/07/2024 08/07/2024 Thesis